000 00472nam a2200181Ia 4500
001 4205
005 20260306145738.0
008 260306t2005||||xx |||||||||||||| ||spa||
041 _aESP
082 _a320.01
_bA181
100 _aAuat, Alejandro
_eAUT
245 0 _aSoberanía y comunicación:
_bel poder en el pensamiento de Francisco de Victoria
260 _c2005
300 _a233 páginas :
_c22 cm.
650 _aGEN
654 _aCDE
942 _cLIB
_dJUS
_fJUS
_2ddc
_n
999 _c4205
_d4205